000 00691nam a22002177a 4500
001 164
003 BD-RjUL
005 20211208233125.0
008 131109s1966 bg 000 0 ben d
035 _a(BD-RjUL) 177
040 _aBD-RjUL
_bben
_cBD-RjUL
041 _aben
082 _a891.443
_bHAN 1966
100 _aহক,শামসুল
_9522
245 1 0 _aনদীর নাম তিসতা /
_cশামসুল হক
260 _aঢাকা :
_bস্টুডেন্ট ওয়েজ ,
_c১৯৬৬
300 _a১১৭ পৃ ;
_c২২ সেমি.
650 _aবাংলা উপন্যাস
_9523
650 _aBengali Fiction
_9524
942 _2ddc
_cBK
999 _c164
_d164